日本所有政令指定都市和中核市(城市点位地图版) - Statistics

General Stats
  • This quiz has been taken 25 times
  • The average score is 55 of 82
Answers on the Map
Answers color-coded by a green-red scale on the quiz's map according to % correct below.
 
Answer Stats
地方 城市 % Correct
北海道地方 札幌市
100%
关东地方 横滨市
100%
近畿地方 大阪市
100%
北海道地方 函馆市
96%
东北地方 青森市
96%
东北地方 仙台市
96%
关东地方 千叶市
96%
中部地方 名古屋市
96%
近畿地方 京都市
96%
近畿地方 奈良市
96%
九州地方 熊本市
96%
九州地方 鹿儿岛市
96%
关东地方 埼玉市
91%
中部地方 静冈市
91%
中国地方 鸟取市
91%
中国地方 广岛市
91%
九州地方 福冈市
91%
东北地方 秋田市
87%
东北地方 福岛市
87%
中部地方 金泽市
87%
近畿地方 神户市
87%
近畿地方 和歌山市
87%
九州地方 长崎市
87%
关东地方 宇都宫市
83%
中部地方 富山市
83%
中国地方 冈山市
83%
九州地方 大分市
83%
九州地方 宫崎市
83%
九州地方 那霸市
83%
关东地方 川崎市
78%
中部地方 新潟市
78%
中部地方 长野市
78%
近畿地方 堺市
78%
四国地方 高知市
78%
九州地方 北九州市
78%
关东地方 八王子市
74%
中国地方 下关市
74%
四国地方 高松市
74%
北海道地方 旭川市
70%
东北地方 山形市
70%
关东地方 前桥市
70%
中部地方 福井市
70%
关东地方 相模原市
65%
中部地方 岐阜市
65%
中部地方 滨松市
65%
关东地方 高崎市
61%
关东地方 横须贺市
61%
中部地方 甲府市
61%
中部地方 丰桥市
61%
中部地方 丰田市
61%
四国地方 松山市
61%
东北地方 盛冈市
57%
关东地方 水户市
57%
中部地方 松本市
57%
近畿地方 大津市
57%
中国地方 松江市
57%
东北地方 八户市
52%
关东地方 船桥市
52%
关东地方 柏市
52%
近畿地方 高槻市
52%
近畿地方 明石市
52%
中国地方 福山市
52%
中国地方 吴市
52%
九州地方 佐世保市
52%
东北地方 磐城市
48%
东北地方 郡山市
48%
近畿地方 东大阪市
48%
近畿地方 尼崎市
48%
关东地方 川越市
43%
九州地方 久留米市
43%
关东地方 川口市
39%
中部地方 冈崎市
39%
中部地方 一宫市
35%
近畿地方 寝屋川市
35%
近畿地方 姫路市
35%
近畿地方 西宫市
35%
中国地方 仓敷市
35%
关东地方 越谷市
30%
近畿地方 枚方市
30%
近畿地方 丰中市
30%
近畿地方 八尾市
30%
近畿地方 吹田市
26%
No matching quizzes found
Score Distribution
Percent of People with Each Score
Percentile by Number Answered
Your Score History
You have not taken this quiz